0100-東海道本線の駅 - Statistics

General Stats
  • This quiz has been taken 35 times
  • The average score is 103 of 172
Answer Stats
Answer % Correct
東京
93%
品川
93%
新橋
89%
横浜
89%
熱海
89%
富士
89%
静岡
89%
浜松
89%
有楽町
86%
高輪ゲートウェイ
86%
川崎
86%
小田原
86%
三島
86%
掛川
86%
名古屋
86%
浜松町
82%
田町
82%
豊橋
82%
岐阜
82%
蒲田
79%
鶴見
79%
東神奈川
79%
大船
79%
藤沢
79%
茅ヶ崎
79%
米原
79%
京都
79%
大阪
79%
神戸
79%
戸塚
75%
辻堂
75%
函南
75%
沼津
75%
関ヶ原
75%
高槻
75%
大井町
71%
大森
71%
平塚
71%
国府津
71%
真鶴
71%
三河安城
71%
尾張一宮
71%
大垣
71%
彦根
71%
山科
71%
新大阪
71%
湯河原
68%
東田子の浦
68%
清水
68%
蒲郡
68%
岡崎
68%
金山
68%
西岐阜
68%
穂積
68%
草津
68%
南草津
68%
大津
68%
尼崎
68%
三ノ宮
68%
新子安
64%
保土ヶ谷
64%
二宮
64%
根府川
64%
興津
64%
安城
64%
刈谷
64%
近江長岡
64%
醒ヶ井
64%
吹田
64%
西宮
64%
芦屋
64%
東戸塚
61%
大磯
61%
早川
61%
由比
61%
弁天島
61%
新所原
61%
熱田
61%
尾頭橋
61%
能登川
61%
近江八幡
61%
野洲
61%
守山
61%
島本
61%
東淀川
61%
塚本
61%
甲子園口
61%
六甲道
61%
61%
元町
61%
鴨宮
57%
57%
吉原
57%
安倍川
57%
焼津
57%
磐田
57%
三河三谷
57%
大府
57%
枇杷島
57%
垂井
57%
柏原
57%
南彦根
57%
安土
57%
膳所
57%
長岡京
57%
山崎
57%
茨木
57%
美濃赤坂
57%
JR総持寺
57%
富士川
54%
東静岡
54%
島田
54%
二川
54%
清州
54%
木曽川
54%
石山
54%
向日町
54%
さくら夙川
54%
金谷
50%
愛知御津
50%
西岡崎
50%
南大高
50%
大高
50%
稲沢
50%
立花
50%
摂津本山
50%
武蔵小杉
50%
新川崎
50%
新蒲原
46%
蒲原
46%
用宗
46%
西焼津
46%
袋井
46%
御厨
46%
天竜川
46%
笠寺
46%
河瀬
46%
栗東
46%
西大路
46%
桂川
46%
摂津富田
46%
千里丘
46%
摩耶
46%
西大井
46%
片浜
43%
草薙
43%
舞阪
43%
西小坂井
43%
幸田
43%
東刈谷
43%
羽沢横浜国大
43%
藤枝
39%
三河大塚
39%
三河塩津
39%
共和
39%
稲枝
39%
瀬田
39%
岸辺
39%
高塚
36%
鷲津
36%
三ヶ根
36%
野田新町
36%
甲南山手
36%
住吉
36%
六合
32%
豊田町
32%
新居町
32%
逢妻
32%
篠原
32%
愛野
29%
相見
25%
荒尾
25%
No matching quizzes found
Score Distribution
Percent of People with Each Score
Percentile by Number Answered
Your Score History
You have not taken this quiz